Slovak basic verbs - 3rd person present - Statystyki

Ogólne statystyki
  • Ten quiz został rozwiązany 15 razy
  • Średni wynik to 9 z 60
Statystyki odpowiedzi
Hint Odpowiedź % Poprawnych
she has ona má
100%
he thinks on myslí
50%
she hopes ona dúfa
25%
she speaks ona hovorí
25%
she walks ona kráča
25%
she has to ona musí
25%
she does not take ona neberie
25%
she does not drink ona nepije
25%
she helps ona pomáha
25%
she looks ona pozerá
25%
she learns ona sa učí
25%
she sleeps ona spí
25%
he waits on čaká
25%
he receives on dostáva
25%
he buys on kupuje
25%
he does not do on nerobí
25%
he does not live on nežije
25%
it runs ono beží
25%
it gives ono dáva
25%
he answers on odpovedá
25%
it goes ono ide
25%
it is ono je
25%
it eats ono je
25%
it can ono môže
25%
it does not see ono nevidí
25%
it does not know ono nevie
25%
it listens ono počúva
25%
it sells ono predáva
25%
it tells ono rozpráva
25%
it dies ono zomiera
25%
he cries on plače
25%
he works on pracuje
25%
he sits on sedí
25%
she ends ona končí
0%
she loves ona miluje
0%
she does not want ona nechce
0%
she opens ona otvára
0%
she comes ona prichádza
0%
she arrives ona prichádza
0%
she asks ona sa pýta
0%
she laughs ona sa smeje
0%
she loses ona stráca
0%
he does not say on nehovorí
0%
he does not hate on nenenávidí
0%
he does not stay on nezostáva
0%
he leaves on odchádza
0%
it finds ono nachádza
0%
it does not play ono nehrá
0%
it does not stand ono nestojí
0%
it is afraid ono sa bojí
0%
it meets ono sa stretáva
0%
it believes ono verí
0%
it forgets ono zabúda
0%
it begins ono začína
0%
he hears on počuje
0%
he needs on potrebuje
0%
he returns on sa vracia
0%
he wakes up on sa zobúdza
0%
he remembers on si pamätá
0%
he closes on zatvára
0%
Nie znaleziono quizów pasujących do podanych kryteriów
Rozkład punktacji
Procent ludzi z każdym wynikiem
Percentyl według liczby udzielonych odpowiedzi
Twoja historia wyników
Nie rozwiązałeś tego quizu